Представление документа в формате RUSMARC

ПолеНазваниеЗначение
  Тип записи a
  Библиографический уровень m
001 Контрольный номер RU/IS/BASE/515843513
005 Дата корректировки 20240207193221.2
010 Индекс ISBN __
d Цена 15 р. 00 к.
9 Тираж 30000 экз.
100 Данные общей обработки __
a Данные общей обработки 20160506d2016 ||| 0rusy0189 ca
101 Язык документа 0_
a Язык текста rus
102 Страна публикации __
a Страна публикации RU
105 Кодированные данные (монография) __
a Кодированные данные (монография) y###||||000|y
200 Заглавие и сведения об ответственности 1_
a Заглавие Марки - друзья природы
b Общее обозначение материала Текст
f Первые сведения об ответственности И. В. Чехов, Л. А. Сладков
210 Выходные данные 1_
a Место издания Москва
c Издательство Радио и связь
d Дата издания 1981
215 Физическое описание __
a Объем 95 с.
c Иллюстрации/тип воспроизводства ил.
d Формат 16,5 см.
225 Серия 0_
a Серия Библиотека юного филателиста ; вып. 10
606 Тематические рубрики 1_
a Основная рубрика Коллекционирование - Марки
610 Ключевые слова 1_
a Ключевые слова марки
a Ключевые слова коллекционирование
a Ключевые слова коллекции
a Ключевые слова коллекционирование марок
a Ключевые слова коллекции марок
686 Индексы других классификаций __
a Классификационный индекс 76.19
2 Код системы rubbk
700 Автор _1
a Фамилия Чехов
b Имя (инициалы) Игорь Владимирович
701 Альтернативная интеллектуальная ответственность _1
a Фамилия Сладков
b Имя (инициалы) Леонид Александрович
801 Источник записи _0
a Страна RU
b Организация Ульяновская ОБДЮ
c Дата составления 20160506
g Правила каталогизации RCR
801 Источник записи _1
a Страна RU
b Организация Ульяновская ОБДЮ
c Дата составления 20160506
g Правила каталогизации RCR
852 Данные о местонахождении __
a Наименование организации Ульяновская ОБДЮ
i Авторский знак Ч-56
j Шифр хранения 76.19
901 Тип документа __
t Тип документа m
910 Корректоры записи __
a Корректор записи Васильева
919 __
a Васильева
938 Служебная информация __
a Имя БД MarkBase